Stolice świata na literę B (Quiz na mapie) - Statystyki

Ogólne statystyki
  • Ten quiz został rozwiązany 39 razy
  • Średni wynik to 19 z 25
Odpowiedzi na mapie
Odpowiedzi zakodowano w zielono-czerwonej skali na mapie do tego quizu, zgodnie z poniższymi procentami.
 
Statystyki odpowiedzi
Stolica % Poprawnych
Berlin
100%
Bruksela
100%
Budapeszt
100%
Bukareszt
100%
Baku
97%
Bratysława
97%
Belgrad
94%
Berno
94%
Bangkok
91%
Buenos Aires
91%
Bagdad
88%
Bogota
88%
Brasília
88%
Bejrut
85%
Biszkek
71%
Brazzaville
62%
Bamako
56%
Belmopan
56%
Bissau
56%
Bandar Seri Begawan
53%
Bridgetown
53%
Bandżul
50%
Bangi
44%
Bloemfontein
44%
Basseterre
41%
Nie znaleziono quizów pasujących do podanych kryteriów
Rozkład punktacji
Procent ludzi z każdym wynikiem
Percentyl według liczby udzielonych odpowiedzi
Twoja historia wyników
Nie rozwiązałeś tego quizu